000 00301nam a2200133Ia 4500
005 20251222155202.0
008 251222s9999||||xx |||||||||||||| ||spa||
082 _aLEN.104
100 _aAlejandro Bullón
245 0 _aSeñales de esperanza
250 _a1ra. ed.
264 _bMorley
942 _cLIB
999 _c39971
_d39971